Piłkarze Borussii Dortmund - nagła śmierć - Statystyki

Ogólne statystyki
  • Ten quiz został rozwiązany 113 razy
  • Średni wynik to 7 z 8
Answers on the Grid
Answers color-coded by a green-red scale on the quiz's grid according to % correct below.
K. Adeyemi
D. Malen
J. Brandt
N. Schlotterbeck
S. Guirassy
M. Beier
G. Kobel
M. Sabitzer
R. Lewandowski
Ł. Piszczek
A. Isak
Ekitike
R. Neves
B. Sesko
C. Immobile
E. Haaland
 
Statystyki odpowiedzi
Odpowiedź % Poprawnych
K. Adeyemi
97%
N. Schlotterbeck
89%
G. Kobel
87%
S. Guirassy
87%
J. Brandt
86%
D. Malen
84%
M. Sabitzer
82%
M. Beier
69%
Nie znaleziono quizów pasujących do podanych kryteriów
Rozkład punktacji
Procent ludzi z każdym wynikiem
Percentyl według liczby udzielonych odpowiedzi
Twoja historia wyników
Nie rozwiązałeś tego quizu